000 01125nas a2200289 i 4500
003 DO-SdBNP
005 20260218083040.0
007 ta
008 260218e1975 dr q p|r || | spa d
035 _a(DO-SdUA)46764
040 _aDO-SdUA
_bspa
_cDO-SdBNP
_erda
041 0 _aspa
245 0 0 _aRealidad contemporánea /
_cLuis Gómez, director.
264 _aSanto Domingo, República Dominicana :
_bAlfa & Omega,
_c1975-.
300 _avolumen :
_bilustraciones, tablas ;
_c21.5 x 15 cm.
310 _aTrimestral.
336 _atexto
_btxt
_2rdacontent
337 _asin mediación
_bn
_2rdamedia
338 _avolumen
_bnc
_2rdacarrier
362 _aAño 1. No. 1, octubre-diciembre 1975.
500 _aCatalogación basada en el Año 1. No. 1, octubre-diciembre 1975.
650 7 _aRepública Dominicana
_xCondiciones socioeconómicas
_vPublicaciones periódicas
_2lemb
_989034
650 0 _aSocialismo
_vPublicaciones periódicas
_zRepública Dominicana
_9287
650 0 _aMarxismo
_vPublicaciones periódicas
_zRepública Dominicana
_95234
700 _aGómez, Luis
_d1933-
_934630
_edirector
942 _2ddc
_cISSUE
999 _c60347
_d60347